Principles and practice of cost accounting (Record no. 32465)

MARC details
000 -LEADER
fixed length control field 00315nam a2200121Ia 4500
082 ## - DEWEY DECIMAL CLASSIFICATION NUMBER
Classification number 657.47
Item number SAR;1
100 ## - MAIN ENTRY--AUTHOR NAME
Personal name Sarkar, N
245 #0 - TITLE STATEMENT
Title Principles and practice of cost accounting
260 ## - PUBLICATION, DISTRIBUTION, ETC. (IMPRINT)
Place of publication Calcutta
Name of publisher Academic
Year of publication 1976
650 ## - SUBJECT ADDED ENTRY--TOPICAL TERM
Topical Term Cost accounting
942 ## - ADDED ENTRY ELEMENTS (KOHA)
Koha item type Books
Holdings
Withdrawn status Lost status Damaged status Not for loan Home library Current library Date acquired Cost, normal purchase price Full call number Accession Number Koha item type
        RRII Library RRII Library 16/12/2021 14.00 657.47 SAR;1 12982 Books